LIBRARY & INFORMATION CENTRE, KCAET, TAVANUR

ONLINE PUBLIC ACCESS CATALOGUE (OPAC)

Optimal cropping pattern for the better utilization of minor irrigation schemes (Record no. 15214)

MARC details
000 -LEADER
fixed length control field 00618nam a22001697a 4500
003 - CONTROL NUMBER IDENTIFIER
control field OSt
088 ## - REPORT NUMBER
Report number T 104
100 ## - MAIN ENTRY--AUTHOR NAME
Personal name BINDU J
245 ## - TITLE STATEMENT
Title Optimal cropping pattern for the better utilization of minor irrigation schemes
260 ## - PUBLICATION, DISTRIBUTION, ETC. (IMPRINT)
Place of publication Tavanur 2000
Name of publisher Kelappaji College of Agricultural Engineering and Technology
300 ## - PHYSICAL DESCRIPTION
Number of Pages 70
500 ## - GENERAL NOTE
General note Optimal cropping pattern for the better utilization of minor irrigation schemes
520 ## - SUMMARY, ETC.
Summary, etc Optimal cropping pattern for the better utilization of minor irrigation schemes
700 ## - ADDED ENTRY--PERSONAL NAME
Personal name Dr. Jobi V. Paul (Guide)
942 ## - ADDED ENTRY ELEMENTS (KOHA)
Koha item type Theses
Holdings
Collection code Home library Current library Shelving location Full call number Accession Number Koha item type Public note
Reference KAUAET KAUAET Reference 631.587 BIN/OP T 104 Theses M.Tech Thesis
free website counter